Gironi Mondiale Qatar 2022 - Statistics

Statistiche generali
  • Questo quiz è stato fatto 235 volte
  • Il punteggio medio è 26 su 32
Statistiche sulle risposte
GIRONE % Corretto
Argentina
96%
Francia
94%
Spagna
94%
Germania
93%
Portogallo
93%
Regno Unito
93%
Brasile
92%
Qatar
92%
Giappone
89%
Marocco
88%
Messico
88%
Belgio
87%
Paesi Bassi
87%
Stati Uniti
86%
Arabia Saudita
84%
Australia
83%
Croazia
83%
Senegal
83%
Canada
81%
Polonia
80%
Svizzera
80%
Uruguay
80%
Corea del Sud
79%
Ecuador
78%
Serbia
75%
Camerun
74%
Danimarca
73%
Iran
73%
Costa Rica
66%
Galles
66%
Ghana
66%
Tunisia
60%
Nessun quiz corrispondente trovato
Distribuzione punteggi
Percentuale di utenti per punteggio
Percentile per numero di risposta
I tuoi punteggi nel tempo
Non hai fatto questo quiz